Can You Name All the Brawlers in Brawl Stars? - Statistics

General Stats
  • This quiz has been taken 58 times
    25 since last reset
  • The average score is 65 of 105
Answer Stats
Hint Answer % Correct
Rare Colt
100%
Rare Nita
100%
Starter Shelly
100%
Mythic Buzz
92%
Rare Barley
85%
Epic Bo
85%
Mythic Mortis
85%
Epic Edgar
77%
Epic Emz
77%
Super Rare Jessie
77%
Ultra Lengendary Kaze
77%
Legendary Leon
77%
Epic Pam
77%
Super Rare Penny
77%
Rare Poco
77%
Ultra Lengendary Sirius
77%
Legendary Spike
77%
Legendary Surge
77%
Epic Belle
69%
Epic Berry
69%
Epic Bibi
69%
Rare Brock
69%
Rare Bull
69%
Super Rare Carl
69%
Legendary Crow
69%
Legendary Draco
69%
Super Rare Dynamike
69%
Rare El primo
69%
Mythic Fang
69%
Epic Frank
69%
Mythic Gray
69%
Epic Grom
69%
Super Rare Gus
69%
Legendary Kit
69%
Mythic Mina
69%
Mythic Moe
69%
Epic Piper
69%
Rare Rosa
69%
Legendary Sandy
69%
Mythic Sprout
69%
Mythic Squeak
69%
Super Rare Tick
69%
Super Rare 8-Bit
62%
Legendary Amber
62%
Epic Bea
62%
Collab Buzz Lightyear
62%
Mythic Byron
62%
Mythic Charlie
62%
Mythic Chuck
62%
Mythic Clancy
62%
Epic Colette
62%
Mythic Damian
62%
Super Rare Darryl
62%
Epic Gale
62%
Epic Griff
62%
Mythic Janet
62%
Legendary Kenji
62%
Mythic Lumi
62%
Legendary Meg
62%
Mythic Mico
62%
Mythic Mr. P
62%
Mythic Najia
62%
Epic Pearl
62%
Super Rare Rico
62%
Mythic Ruffs
62%
Epic Angelo
54%
Epic Bolt
54%
Epic Bonnie
54%
Mythic Buster
54%
Mythic Doug
54%
Mythic Finx
54%
Super Rare Jacky
54%
Mythic Lily
54%
Epic Lola
54%
Mythic Lou
54%
Epic Maisie
54%
Epic Mandy
54%
Mythic Max
54%
Mythic Melodie
54%
Epic Nani
54%
Epic Sam
54%
Epic Shade
54%
Mythic Starr Nova
54%
Epic Trunk
54%
Mythic Willow
54%
Mythic Ziggy
54%
Mythic Alli
46%
Epic Ash
46%
Legendary Chester
46%
Legendary Cordelius
46%
Mythic Eve
46%
Mythic Gene
46%
Epic Meeple
46%
Mythic Otis
46%
Legendary Pierce
46%
Mythic R-T
46%
Epic Stu
46%
Mythic Tara
46%
Mythic Gigi
38%
Epic Hank
38%
Mythic Jae-Yong
38%
Mythic Juju
38%
Epic Larry and Lawrie
38%
Mythic Ollie
38%
Mythic Glowy
23%
No matching quizzes found
Score Distribution
Percent of People with Each Score
Percentile by Number Answered
Your Score History
You have not taken this quiz since the last reset